[Event "La Candelaria Cup"]
[Site "Complejo de Raquetas"]
[Date "2013.02.03"]
[Round "7"]
[White "Martinez Florez, Amaury Jr"]
[Black "Turizo Correa, Edgar"]
[Result "1-0"]
[WhiteElo "1883"]
[BlackElo "2034"]
[PlyCount "20"]
[EventDate "2013.01.30"]
[EventType "swiss"]
[EventRounds "7"]
[EventCountry "COL"]
[SourceTitle "CBM 152 Extra"]
[Source "ChessBase"]
[SourceDate "2013.02.25"]
[SourceVersion "1"]
[SourceVersionDate "2013.02.25"]
[SourceQuality "1"]

1. d4 Nf6 2. Bg5 e6 3. Nf3 b6 4. e3 Bb7 5. Nbd2 Be7 6. Bd3 d5 7. 0-0 Nbd7 8. c4 c5 9. cxd5 exd5 10. dxc5 Nxc5 1-0

[Event "La Candelaria Cup"]
[Site "Complejo de Raquetas"]
[Date "2013.02.03"]
[Round "6"]
[White "Raad, Bernardo"]
[Black "Martinez Florez, Amaury Jr"]
[Result "0-1"]
[WhiteElo "1692"]
[BlackElo "1883"]
[PlyCount "48"]
[EventDate "2013.01.30"]
[EventType "swiss"]
[EventRounds "7"]
[EventCountry "COL"]
[SourceTitle "CBM 152 Extra"]
[Source "ChessBase"]
[SourceDate "2013.02.25"]
[SourceVersion "1"]
[SourceVersionDate "2013.02.25"]
[SourceQuality "1"]

1. e4 e6 2. Nf3 d5 3. d3 b6 4. Nbd2 Ba6 5. exd5 exd5 6. Be2 Nf6 7. 0-0 Bd6 8. d4 0-0 9. Re1 c5 10. c4 cxd4 11. Nxd4 Qc7 12. Nb5 Bxb5 13. cxb5 Bxh2+ 14. Kh1 Bd6 15. Nb3 Nbd7 16. Be3 Ne5 17. Bd4 Ne4 18. Rc1 Qe7 19. g3 f5 20. Kg2 f4 21. Bxe5 Qxe5 22. Qd4 fxg3 23. Qxe5 Rxf2+ 24. Kg1 Bxe5 0-1

[Event "Pan American-ch"]
[Site "Cartagena"]
[Date "2012.07.07"]
[Round "7"]
[White "Martinez Florez, Amaury Jr"]
[Black "Corpus, Eugenio"]
[Result "0-1"]
[WhiteElo "1889"]
[BlackElo "1859"]
[PlyCount "86"]
[EventDate "2012.07.04"]
[EventType "swiss"]
[EventRounds "9"]
[EventCountry "COL"]
[SourceTitle "CBM 149 Extra"]
[Source "ChessBase"]
[SourceDate "2012.08.24"]
[SourceVersion "1"]
[SourceVersionDate "2012.08.24"]
[SourceQuality "1"]

1. d4 Nf6 2. c4 e6 3. Nc3 d5 4. Nf3 c6 5. Bg5 Be7 6. e3 Nbd7 7. Bd3 0-0 8. 0-0 h6 9. Bh4 dxc4 10. Bxc4 b6 11. Rc1 Bb7 12. Qe2 b5 13. Bb3 a6 14. Rfd1 Re8 15. Bc2 Qa5 16. Qd3 c5 17. Bxf6 Nxf6 18. dxc5 Bxc5 19. Bb3 Red8 20. Qe2 b4 21. Nb1 Bd6 22. Rd4 Qh5 23. h3 e5 24. Rdc4 a5 25. R4c2 Be4 26. Rd2 a4 27. Bc4 Rac8 28. b3 axb3 29. axb3 Qg6 30. Rcd1 Ne8 31. Nh4 Qf6 32. Qg4 Bh7 33. Bb5 Bb8 34. Bxe8 Rxe8 35. Qxb4 e4 36. g3 Qe6 37. Kh2 g5 38. Ng2 Bf5 39. h4 Bg4 40. Rg1 Qf6 41. f4 exf3 42. Qxg4 fxg2 43. Rgxg2 Kh7 0-1

[Event "Pan American-ch"]
[Site "Cartagena"]
[Date "2012.07.05"]
[Round "3"]
[White "Martinez Florez, Amaury Jr"]
[Black "Guzman Mellado, Arcadio"]
[Result "1-0"]
[WhiteElo "1889"]
[BlackElo "1912"]
[PlyCount "51"]
[EventDate "2012.07.04"]
[EventType "swiss"]
[EventRounds "9"]
[EventCountry "COL"]
[SourceTitle "CBM 149 Extra"]
[Source "ChessBase"]
[SourceDate "2012.08.24"]
[SourceVersion "1"]
[SourceVersionDate "2012.08.24"]
[SourceQuality "1"]

1. d4 d5 2. Nf3 Nf6 3. c4 c6 4. Nc3 e6 5. Bg5 h6 6. Bh4 dxc4 7. e4 g5 8. Bg3 b5 9. a4 Qb6 10. axb5 cxb5 11. Be5 Nbd7 12. Be2 Bb7 13. 0-0 a6 14. Kh1 Bg7 15. Nd2 h5 16. f4 g4 17. Qe1 0-0-0 18. b3 Ne8 19. bxc4 f6 20. cxb5 fxe5 21. bxa6 Ba8 22. Rc1 Nc7 23. Nb5 Bc6 24. Nd6+ Kb8 25. Rb1 Bb5 26. Nxb5 1-0

[Event "Cartagena IRT op 4th"]
[Site "Cartagena"]
[Date "2012.06.18"]
[Round "8"]
[White "Martinez Florez, Amaury Jr"]
[Black "Prieto, Ernesto"]
[Result "1/2-1/2"]
[WhiteElo "1821"]
[BlackElo "2100"]
[PlyCount "71"]
[EventDate "2012.06.14"]
[EventType "swiss"]
[EventRounds "9"]
[EventCountry "COL"]
[SourceTitle "CBM 148 Extra"]
[Source "ChessBase"]
[SourceDate "2012.06.22"]
[SourceVersion "1"]
[SourceVersionDate "2012.06.22"]
[SourceQuality "1"]

1. d4 Nf6 2. c4 g6 3. Nc3 d5 4. cxd5 Nxd5 5. e4 Nxc3 6. bxc3 Bg7 7. Bc4 0-0 8. Ne2 c5 9. 0-0 cxd4 10. cxd4 Nc6 11. Be3 Bg4 12. f3 Na5 13. Bxf7+ Rxf7 14. fxg4 Rxf1+ 15. Qxf1 Nc4 16. Qf3 Qb6 17. e5 Nxe3 18. Qxe3 e6 19. Qb3 Qa6 20. Nf4 Re8 21. Rb1 Re7 22. g5 b5 23. Qxb5 Qxa2 24. Qb8+ Bf8 25. Rf1 Rf7 26. Qc8 Qd2 27. Qxe6 Qxd4+ 28. Kh1 Qd7 29. Qb3 Qb7 30. Qa2 Qb5 31. Nd3 Qe8 32. Kg1 Bg7 33. Qd5 Qd7 34. Qc4 Qc7 35. Qxc7 Rxc7 36. Re1 1/2-1/2